00377ntaaa2200145 45000030003000000050017000030080021000200400037000410820017000781000026000952450032001212500010001532600059001633000009002220120251027202634.00714s1973 ag 01  aAR-BaBNbspacAR-BaBNeaacrdRIC a371.4250 D85 aDu Bois, Lauriston J  aVocaciones para el creyente a1 ed. aKansas City : bCasa Nazarena de Publicaciones, cs.f. a64 p